ìSantiago en 100 palabrasî : escenas y fragmentos de la memoria /

Bibliographic Details
Main Author: Mujica, María Constanza
Format: Analitica de revista
Language:Spanish

MARC

LEADER 00000cab a2200000 a 4500
001 033038
003 UAHC_CL
005 20170803123603.0
008 050722b xx j 000 1 spa
040 |a UAHC_CL  |c UAHC_CL  |d UAHC_CL 
100 1 |a Mujica, María Constanza 
245 1 0 |a ìSantiago en 100 palabrasî :  |b escenas y fragmentos de la memoria /  |c María Constanza Mujica. 
759 |a PP072 
773 0 |t EURE  |w 032794 
900 |a EURE-92/04 
942 |c REVA 
952 |0 0  |1 0  |4 0  |6 EURE_92_04_000000000000000  |7 0  |8 General  |9 63527  |a BC  |b BC  |c General  |d 2017-08-03  |l 0  |o EURE-92/04  |p FICTICIO3786  |r 2019-01-08 00:00:00  |t 1  |w 2017-08-03  |y REVA 
999 |c 33038  |d 33038